Miasta zaczynające się na D na mapie - Statystyki

Ogólne statystyki
  • Ten quiz został rozwiązany 2 188 razy
  • Średni wynik to 13 z 30
Odpowiedzi na mapie
Odpowiedzi zakodowano w zielono-czerwonej skali na mapie do tego quizu, zgodnie z poniższymi procentami.
 
Statystyki odpowiedzi
Miasto % Poprawnych
Dublin
96%
Delhi
81%
Dusseldorf
81%
Drezno
80%
Donieck
72%
Dakar
71%
Dubaj
71%
Dallas
70%
Damaszek
70%
Denver
68%
Detroit
63%
Dhaka
62%
Doha
58%
Dżibuti
46%
Duszanbe
45%
Dijon
39%
Dodoma
33%
Darwin
32%
Dundee
32%
Dili
31%
Dar es Salaam
29%
Durban
28%
Daegu
14%
Duala
12%
Dalian
11%
Davao
11%
Des Moines
11%
Da Nang
10%
Dammam
7%
Dongguan
7%
Nie znaleziono quizów pasujących do podanych kryteriów
Rozkład punktacji
Procent ludzi z każdym wynikiem
Percentyl według liczby udzielonych odpowiedzi
Twoja historia wyników
Nie rozwiązałeś tego quizu